000 00386pam a2200157a 44500
008 230515b1986 xxu||||| |||| 00| 0 eng d
020 _aNULL
041 _aENGLISH
082 _a512.9434 /GRE/WEA
100 _aGRE J. M. / WEAVER / WILLAIM
245 _aMATRIX ANALYSIS OF FRAMED STRUCTURES
250 _aNULL
260 _aNULL
_bC.B.S
_c1986
300 _a492 PB
650 _aNULL
999 _c620897
_d620897